• AIU
  • Tony Wilmot Memorial Library

Maandiko matakatifu ya Mungu yaitwayo Biblia, yaani Agano la Kale na Agano Jipya. (Record no. 67811)

MARC details
000 -LEADER
fixed length control field 00857nam a22002537a 4500
003 - CONTROL NUMBER IDENTIFIER
control field OSt
005 - DATE AND TIME OF LATEST TRANSACTION
control field 20240110151354.0
008 - FIXED-LENGTH DATA ELEMENTS--GENERAL INFORMATION
fixed length control field 240110b |||||||| |||| 00| 0 eng d
020 ## - INTERNATIONAL STANDARD BOOK NUMBER
International Standard Book Number 9789966405050
040 ## - CATALOGING SOURCE
Original cataloging agency DLC
Transcribing agency CarP
Modifying agency DLC
050 00 - LIBRARY OF CONGRESS CALL NUMBER
Classification number BS325
Item number .S9 1997
130 ## - MAIN ENTRY--UNIFORM TITLE
Uniform title Bible. Swahili. 1997.
9 (RLIN) 55819
245 10 - TITLE STATEMENT
Title Maandiko matakatifu ya Mungu yaitwayo Biblia, yaani Agano la Kale na Agano Jipya.
260 ## - PUBLICATION, DISTRIBUTION, ETC. (IMPRINT)
Place of publication, distribution, etc Dodoma, Tanzania :
Name of publisher, distributor, etc Bible Society of Tanzania,
260 ## - PUBLICATION, DISTRIBUTION, ETC. (IMPRINT)
Place of publication, distribution, etc Nairobi, Kenya :
Name of publisher, distributor, etc Bible Society of Kenya,
Date of publication, distribution, etc c1997.
300 ## - PHYSICAL DESCRIPTION
Extent 985, 273 p.
Other physical details maps.
500 ## - GENERAL NOTE
General note [Africana]
630 ## - SUBJECT ADDED ENTRY--UNIFORM TITLE
Uniform title Bible.
Language of a work Swahili.
9 (RLIN) 55820
650 ## - SUBJECT ADDED ENTRY--TOPICAL TERM
Topical term or geographic name as entry element Swahili language
Form subdivision Texts.
9 (RLIN) 55821
710 ## - ADDED ENTRY--CORPORATE NAME
Corporate name or jurisdiction name as entry element Bible Society of Tanzania.
9 (RLIN) 55822
710 ## - ADDED ENTRY--CORPORATE NAME
Corporate name or jurisdiction name as entry element Bible Society of Kenya.
9 (RLIN) 55779
906 ## - LOCAL DATA ELEMENT F, LDF (RLIN)
a 0
b cbc
c premunv
d u
e ncip
f 19
g y-gencatlg
942 ## - ADDED ENTRY ELEMENTS (KOHA)
Source of classification or shelving scheme Library of Congress Classification
Koha item type Africana collection ( Reference)
Holdings
Withdrawn status Lost status Source of classification or shelving scheme Damaged status Not for loan Collection code Home library Current library Shelving location Date acquired Source of acquisition Cost, normal purchase price Total Checkouts Full call number Barcode Date last seen Copy number Price effective from Koha item type
    Library of Congress Classification     Reference AIU/NEGST - Tony Wilmot Memorial Library AIU/NEGST - Tony Wilmot Memorial Library Reference 10/30/2023 Donation - Prof. Robert Priest 11.19   REF BS 325.S9 1997 T16893W3232 01/10/2024 1 01/10/2024 Africana collection ( Reference)